| 000 | 00689nam a2200205Ia 4500 | ||
|---|---|---|---|
| 003 | GCL | ||
| 008 | 140319s9999 xx 000 0 ara d | ||
| 020 | _a3835270977 | ||
| 040 |
_aGCL / _cGCL |
||
| 082 | 0 | 4 |
_a303.38 _bش ن |
| 100 | 1 | _aشيماء ذوالفقار زغيب | |
| 245 | 1 | 0 |
_aنظريات فى تشكيل اتجاهات الراى العام / _cشيماء ذوالفقار زغيب |
| 250 | _aالاولى | ||
| 260 |
_aالقاهرة : _bالدار المصرية اللبنانية ، _c2004 |
||
| 300 |
_a258 ص ؛ _c24 سم |
||
| 650 | 0 | 4 | _aالراى العام |
| 650 | 0 | 4 | _aقياس الرأى العام |
| 650 | 0 | 4 | _aالراى المخالف |
| 942 |
_2ddc _cBK |
||
| 999 |
_c8023 _d8023 |
||